000
00288nam a2200109Ia 4500
008
200302s9999 xx 000 0 und d
100
_a
Florian Afferbach
245
_a
Basics fundamentals of Presentation Freehand Drawing
260
_b
Birkhauser Verlag Gmbh
260
_c
2014
300
_a
92
999
_c
7265
_d
7265